000 00642nam a22001937a 4500
999 _c167551
_d167551
005 20190909110042.0
010 _aENG-126450
020 _c280.00
_a978-93-83640-23-2
035 _aEN-109982
037 _bDBAD/PUB
082 _a540
100 _aMahender,C
245 _aEngineering Chemistry/
_cby C Mahender [and] V Anitha Rani
260 _aHyderabad
_bSpecturm Unversity
_c2018
270 _bHyderabad
_a#326/C,1st Floor, Surneni Nilayam Near B K Guda Park, S R Nagar
_e500038
_k+91 40 23710657, 238000657
_l+91 40 23810657
300 _a390p.
_c24cm(pbk)
700 _aRani,V Anitha
942 _2ddc
_cEN
_h540
_mMAH